Diccionario de términos usados en informes financieros (Record no. 56417)

MARC details
000 -LEADER
campo de control de longitud fija 00875nam a2200217 i 4500
001 - NÚMERO DE CONTROL
campo de control 56417
003 - IDENTIFICADOR DE NÚMERO DE CONTROL
campo de control ES-MaACL
005 - FECHA Y HORA DE LA ÚLTIMA TRANSACCIÓN
campo de control 20230906163350.0
007 - CAMPO FIJO DE DESCRIPCIÓN FÍSICA--INFORMACIÓN GENERAL
campo de control de longitud fija t|
008 - DATOS DE LONGITUD FIJA--INFORMACIÓN GENERAL
campo de control de longitud fija 031009s1983 sp ||||1| spa d
245 00 - MENCIÓN DEL TÍTULO
Título Diccionario de términos usados en informes financieros
Resto del título : español-inglés, inglés-español = Dictionary of the language of financial reports : Spanish-English, English-Spanish /
Mención de responsabilidad, etc. compiladores, P.J. Donaghy, J. Laidler ; asesor editorial, Ian M. Angus.
260 ## - PUBLICACIÓN, DISTRIBUCIÓN, ETC.
Lugar de publicación, distribución, etc. Bilbao :
Nombre del editor, distribuidor, etc. Deusto,
Fecha de publicación, distribución, etc. [1983]
300 ## - DESCRIPCIÓN FÍSICA
Extensión 222 p. ;
Dimensiones 24 cm.
650 04 - PUNTO DE ACCESO ADICIONAL DE MATERIA--TÉRMINO DE MATERIA
Término de materia o nombre geográfico como elemento de entrada Finanzas-
Subdivisión de forma Diccionarios.
9 (RLIN) 12871
650 04 - PUNTO DE ACCESO ADICIONAL DE MATERIA--TÉRMINO DE MATERIA
Término de materia o nombre geográfico como elemento de entrada Lengua española-
Subdivisión de forma Diccionarios-
Subdivisión general Inglés.
9 (RLIN) 14142
650 04 - PUNTO DE ACCESO ADICIONAL DE MATERIA--TÉRMINO DE MATERIA
Término de materia o nombre geográfico como elemento de entrada Lengua inglesa-
Subdivisión de forma Diccionarios-
Subdivisión general Español.
9 (RLIN) 14270
700 1# - ENTRADA AGREGADA--NOMBRE PERSONAL
Nombre de persona Donaghy, P. J.
9 (RLIN) 45277
700 1# - ENTRADA AGREGADA--NOMBRE PERSONAL
Nombre de persona Laidler, J.
9 (RLIN) 69665
700 1# - ENTRADA AGREGADA--NOMBRE PERSONAL
Nombre de persona Angus, Ian M.
9 (RLIN) 21795
852 ## - LOCALIZACIÓN
Ubicación ES-MaACL
Número de control de estantería L-5880
Sublocalización o colección R.106476
Holdings
Estatus retirado Estado de pérdida Estado de daño No para préstamo Colección Biblioteca de origen Biblioteca actual Ubicación en estantería Fecha de adquisición Fuente de adquisición Total de préstamos Signatura topográfica completa Código de barras Visto por última vez Precio de reemplazo Tipo de ítem Koha
        Colección de referencia Biblioteca del Ateneo de Madrid Biblioteca del Ateneo de Madrid Depósito 2 17/01/2008     L-5880 1059255 23/02/2023 23/02/2023 Libro impreso